Personal involvement workbook for the family that listens. (Record no. 16859)

000 -LEADER
fixed length control field 00515nam a2200169 a 4500
001 - CONTROL NUMBER
control field :::00020176$&:&@@
003 - CONTROL NUMBER IDENTIFIER
control field OkBaRHE
005 - DATE AND TIME OF LATEST TRANSACTION
control field 20020126100851.0
008 - FIXED-LENGTH DATA ELEMENTS--GENERAL INFORMATION
fixed length control field s1978 j 000 0 eng u
040 ## - CATALOGING SOURCE
Transcribing agency
100 1# - MAIN ENTRY--PERSONAL NAME
Personal name Wright, H. Norman
245 10 - TITLE STATEMENT
Title Personal involvement workbook for the family that listens.
260 ## - PUBLICATION, DISTRIBUTION, ETC. (IMPRINT)
Place of publication, distribution, etc Wheaton, IL
Name of publisher, distributor, etc Victor Books
Date of publication, distribution, etc 1978
300 ## - PHYSICAL DESCRIPTION
Extent 64 p.
942 ## - ADDED ENTRY ELEMENTS (KOHA)
Source of classification or shelving scheme
Koha item type Books
Copies
Price effective from Lost status Full call number Permanent Location Damaged status Not for loan Withdrawn status Date last seen Koha item type Copy number Date acquired Source of classification or shelving scheme Barcode Shelving location
2010-04-14 HQ 734 .W9487RHEMA Bible Training College   2010-04-14Books12010-04-14 20176General Stacks